000 01089nam a2200289 i 4500
001 000031801
003 DO-SdBNP
005 20240409073643.0
007 ta
008 110706t1949 dr 000 0bspa d
040 _aDO-SdBNP
_bspa
_cBNPHU
_erda
049 _aBNPD
082 4 _aF-RD 62
_222
100 1 _aHernández, J. Enrique,
_954948
_eautor
245 1 0 _aCausas de la grandeza de Trujillo y razones por las cuales el pueblo dominicano ha de inmortalizar su nombre /
_cJ. Enrique Hernández.
264 _aLa Vega, República Dominicana :
_bImpresora Dominicana,
_c1949.
300 _a37 páginas ;
_c27 cm.
336 _2rdacontent
_atexto
_btxt
337 _2rdamedia
_asin mediación
_bnc
338 _2rdacarrier
_avolumen
_bn
500 _aConferencia pronunciada en La Vega, el 24 de septiembre de 1948.
590 _aInventariado, 2023/BT
600 1 0 _aTrujillo Molina, Rafael Leónidas,
_d 1891-1961
_976764
651 4 _aRepública Dominicana
_xPolítica y gobierno
_yEra de Trujillo, 1930-1961
_91374
910 _aValidado. Control de calidad EMS.
942 _2ddc
_cLF2
999 _c31293
_d31293